Authority and interpretation : (Record no. 178)

MARC details
000 -LEADER
fixed length control field 01026nam a2200301 a 4500
001 - CONTROL NUMBER
control field 3370201
003 - CONTROL NUMBER IDENTIFIER
control field GBCCL
005 - DATE AND TIME OF LATEST TRANSACTION
control field 20241126110332.0
008 - FIXED-LENGTH DATA ELEMENTS--GENERAL INFORMATION
fixed length control field 870401s1987 miu b 000 0 eng
010 ## -
-- 87070876
020 ## - INTERNATIONAL STANDARD BOOK NUMBER
International Standard Book Number 0801038170 (pbk.) :
Terms of availability $10.95
040 ## - CATALOGING SOURCE
Original cataloging agency DLC
Transcribing agency DLC
Modifying agency DLC
050 00 -
-- BS480
-- .A98 1987
082 00 - DEWEY DECIMAL CLASSIFICATION NUMBER
Classification number 220.13
Edition information 19
Item number AUT
245 00 - TITLE STATEMENT
Title Authority and interpretation :
Remainder of title a Baptist perspective /
Statement of responsibility, etc. edited by Duane A. Garrett and Richard R. Melick, Jr.
260 ## - PUBLICATION, DISTRIBUTION, ETC.
Place of publication, distribution, etc. Grand Rapids, Mich. :
Name of publisher, distributor, etc. Baker Bk. House,
Date of publication, distribution, etc. c1987.
300 ## - PHYSICAL DESCRIPTION
Extent 220 p. ;
Dimensions 22 cm.
504 ## - BIBLIOGRAPHY, ETC. NOTE
Bibliography, etc. note Includes bibliographical references.
610 20 - SUBJECT ADDED ENTRY--CORPORATE NAME
Corporate name or jurisdiction name as entry element Southern Baptist Convention
General subdivision Doctrines.
9 (RLIN) 1796
630 00 - SUBJECT ADDED ENTRY--UNIFORM TITLE
Uniform title Bible
General subdivision Evidences, authority, etc.
9 (RLIN) 351
630 00 - SUBJECT ADDED ENTRY--UNIFORM TITLE
Uniform title Bible
General subdivision Hermeneutics.
9 (RLIN) 1790
650 #0 - SUBJECT ADDED ENTRY--TOPICAL TERM
Topical term or geographic name entry element Baptists
General subdivision Doctrines.
9 (RLIN) 1797
700 1# - ADDED ENTRY--PERSONAL NAME
Personal name Garrett, Duane A.
9 (RLIN) 775
700 1# - ADDED ENTRY--PERSONAL NAME
Personal name Melick, Richard R.
9 (RLIN) 856
906 ## - LOCAL DATA ELEMENT F, LDF (RLIN)
a 7
b cbc
c orignew
d 3
e opcn
f 19
g y-gencatlg
942 ## - ADDED ENTRY ELEMENTS (KOHA)
Source of classification or shelving scheme Dewey Decimal Classification
Koha item type Books
Koha issues (borrowed), all copies 2
Holdings
Withdrawn status Lost status Source of classification or shelving scheme Damaged status Not for loan Home library Current Library Shelving location Date acquired Total checkouts Total renewals Full call number Barcode Date last seen Date last checked out Copy number Price effective from Koha item type
    Dewey Decimal Classification     GRACE BIBLE COLLEGE GRACE BIBLE COLLEGE Biblical Studies 2016-05-31 3 1 220.13 AUT 005603 2025-08-25 2025-08-18 c.1 2016-05-31 Books
© Grace Bible College Library 2025